Louisiana ground-water map no. 17 : generalized potentiometric surface of the Kentwood Aquifer system and the "1,500-foot" and "1,700-foot" sands of the Baton Rouge area in Southeastern Louisiana, March-April 2003 /

Bibliographic Details
Main Author: Prakken, Lawrence B.
Corporate Authors: Geological Survey (U.S.), Louisiana. Office of Public Works, Louisiana. Department of Transportation and Development. Water Resources Section
Format: Government Document Map
Language:English
Published: Denver, Colo. : U.S. Dept. of the Interior, U.S. Geological Survey, 2004.
Series:Scientific investigations map ; 2862.
Subjects:
Online Access:https://purl.fdlp.gov/GPO/LPS92883

MARC

Tag First Indicator Second Indicator Subfields
LEADER 00000cem a2200000Ia 4500
001 in00002393339
005 20211129155907.0
006 m d f
007 aj cazza
007 cr cn|||||||||
008 080410s2004 cou b fs 0 eng d
034 0 |a a  |d W0910000  |e W0900000  |f N0310000  |g N0301500 
035 |a (OCoLC)ocn221975084 
040 |a GPO  |c GPO  |d MvI  |d UtOrBLW 
043 |a n-us-la 
049 |a WWW 
052 |a 4011 
074 |a 0619-G-33 (online) 
086 0 |a I 19.91/3:2862 
100 1 |a Prakken, Lawrence B. 
245 1 0 |a Louisiana ground-water map no. 17 :  |b generalized potentiometric surface of the Kentwood Aquifer system and the "1,500-foot" and "1,700-foot" sands of the Baton Rouge area in Southeastern Louisiana, March-April 2003 /  |c by Lawrence B. Prakken ; in cooperation with the State of Louisiana Department of Transportation and Development, Office of Public Works and Intermodial Public Works and Water Resources Division. 
246 3 |a Louisiana groundwater map no. 17 
246 3 |a Generalized potentiometric surface of the Kentwood Aquifer system and the "1,500-foot" and "1,700-foot" sands of the Baton Rouge area in Southwestern Louisiana, March-April 2003 
255 |a Scale not given.  |c (W 91⁰00ʹ--W 90⁰00ʹ/N 31⁰00ʹ--N 30⁰15ʹ). 
264 1 |a Denver, Colo. :  |b U.S. Dept. of the Interior, U.S. Geological Survey,  |c 2004. 
300 |a 2 maps :  |b digital, PDF file. 
336 |a cartographic image  |b cri  |2 rdacontent 
337 |a computer  |b c  |2 rdamedia 
338 |a online resource  |b cr  |2 rdacarrier 
490 1 |a Scientific investigations map ;  |v 2862 
538 |a Mode of access: Internet from the USGS web site. Address as of 4/10/08: http://la.water.usgs.gov/pdfs/MAP-2862.pdf ; current access via PURL. 
500 |a Title from PDF title screen (viewed on April 10, 2008). 
500 |a Includes text, errata sheet, index map, 3 tables, and 6 charts. 
504 |a Includes bibliographical references. 
505 0 |a Sheet 1. Potentiometric surface -- Sheet 2. Water-level trends. 
500 |a Electronic resource. 
650 0 |a Groundwater  |z Louisiana  |v Maps. 
650 0 |a Water table  |z Louisiana  |v Maps. 
650 0 |a Aquifers  |z Louisiana  |v Maps. 
776 0 |a Louisiana ground-water map no. 17  |h 2 maps on 2 sheets  |w (OCoLC)64270815 
710 2 |a Geological Survey (U.S.) 
710 1 |a Louisiana.  |b Office of Public Works. 
710 1 |a Louisiana.  |b Department of Transportation and Development.  |b Water Resources Section. 
830 0 |a Scientific investigations map ;  |v 2862. 
856 4 0 |u https://purl.fdlp.gov/GPO/LPS92883  |t 0 
999 |a MARS 
999 f f |s 3542425d-9be8-37d8-a19a-40e74d0529ad  |i 92fdd0bc-6aff-3ff3-af3b-f4bd304fdafa  |t 0 
952 f f |a Texas A&M University  |b College Station  |c Electronic Resources  |d Available Online  |t 0  |e I 19.91/3:2862  |h Superintendent of Documents classification 
998 f f |a I 19.91/3:2862  |t 0  |l Available Online